000 01013nam a22003970a 4500
001 PT40965
003 AR-LpoUNG
005 20210131230808.0
008 191001s2005||||ag |||||||||||||||||spa d
020 _a9875061123
_c$AR
040 _aAR-LpoUNG
_bspa
_cAR-LpoUNG
_eaacr
041 _aspa
044 _aag
082 0 _a982.04 633cen
100 1 _aGómez de Mier, Eugenio
_ecomp.
245 1 3 _aEl censor :
_b7 de enero de 1812 al 24 de marzo de 1812
250 _a1ra ed.
260 _aBuenos Aires :
_bDocencia,
_c2005.
300 _a153 p. :
_bil.
650 4 _aANALISIS HISTORICO
650 4 _aARGENTINA
650 4 _aDIARIOS
650 4 _aDOCUMENTOS
650 4 _aDOCUMENTOS PRIMARIOS
650 4 _aECONOMIA
650 4 _aESPANA
650 4 _aHISTORIA
650 4 _aPERIODISMO
650 4 _aPOLITICA
650 4 _aPRENSA
650 4 _aPUBLICACIONES PERIODICAS
651 4 _aArgentina
710 2 _aFundación Hernandarias (Buenos Aires)
905 _a40965
942 _cLSALA
999 _c6203
_d6203